00410 2200169 4500245004900000020002200049250001100071100001400082700001200096650002200108005001900130260003300149041001400182084001000196300002500206336000900231 aMenjadi Manusia yang UnggulcMunasifahhText a978-979-1495-44-8 aCet. 1 aMunasifah aMustain aPengendalian Diri a20230221100815 aSemarangbGhyyas Putrac2008 aIndonesia a153.8 avi, 58 hlm. :cilus. atext